000
00220nam a2200097Ia 4500
005
20251222114341.0
008
251222s1900||||xx |||||||||||||| ||spa||
082
_a
DVD0140/P41/1967
245
0
_a
Bonnie and Clyde:
942
_c
DVD
999
_c
847
_d
847